Holiday Quiz

Random Holiday or Popular Quiz

Top World Travel Destinations 2013 Quiz Stats

 Plays Quiz not verified by Sporcle

Challenge
Share
Tweet
Embed
Score 0/20 Timer 05:00
0 Plays Today
Visitors (millions) City % Correct
15.96London
97.7%
13.92Paris
97.7%
11.52New York
96.6%
5.80Tokyo
89.8%
4.84Los Angeles
89.8%
6.71Rome
88.6%
8.41Barcelona
76.1%
15.98Bangkok
70.5%
8.72Hong Kong
70.5%
6.50Shanghai
68.2%
Visitors (millions) City % Correct
6.35Amsterdam
64.8%
11.75Singapore
59.1%
10.37Istanbul
56.8%
9.89Dubai
56.8%
8.19Seoul
56.8%
6.83Milan
56.8%
5.37Vienna
52.3%
5.19Taipei
28.4%
9.20Kuala Lumpur
27.3%
5.05Riyadh
15.9%

You're not logged in!

Compare scores with friends on all Sporcle quizzes.
OR
Log In

You Might Also Like...

Show Comments

Extras

Top Quizzes Today


Score Distribution

Your Account Isn't Verified!

In order to create a playlist on Sporcle, you need to verify the email address you used during registration. Go to your Sporcle Settings to finish the process.

Report this User

Report this user for behavior that violates our Community Guidelines.

Details: